| Registos Bibliográficos associados ao registo de autoridade |
|
Etiqueta de registo: 00000nam 2200025 450 001 2053103 003 http://id.bnportugal.gov.pt/bib/catbnp/2053103 100 ## $a20200818d2019 k y0pory01030103ba 101 0# $aeng$dpor 102 ## $aPT 105 ## $aa m 000yy 106 ## $ar 200 1# $aHotel revenue management$eusing data science to predict booking cancellations$fNuno Miguel da Conceição António$gorient. Ana de Almeida, Luís Nunes 210 #9 $aLisboa$c[s.n.],$d2019 215 ## $a[6], VI, 232 p.$cil.$d30 cm 328 #1 $aTese dout. Information Science and Technology, ISCTE-IUL Instituto Universitário de
Lisboa, 2019 675 ## $a004.85(043)$vBN$zpor$31239009 675 ## $a004.94(043)$vBN$zpor$31227404 700 #1 $aAntónio,$bNuno Miguel da Conceição$31788449 702 #1 $97$aAlmeida,$bAna de$4727$31788450 702 #1 $97$aNunes,$bLuís$4727$31788451 801 #0 $aPT$bBN$gRPC 966 ## $lBN$mFGMON$sP. 56276 V.$x1
Etiqueta de registo: 00254nam 2200025 450 001 2177476 003 http://id.bnportugal.gov.pt/bib/catbnp/2177476 100 ## $a20240813d2023 k y0pory01030103ba 101 0# $aeng$dpor 102 ## $aPT 105 ## $aa m 000yy 106 ## $ar 200 1# $a An intelligence approach for the improvement of IT startups' social media strategy$fAna Rita Henrique Peixoto$gorient. Ana de Almeida, Nuno António 210 #9 $aLisboa$c[s.n.],$d2023 215 ## $aXV, 132 p.$cil.$d30 cm 328 #1 $aTese dout. Information Science and Technology, ISCTE - Instituto Universitário de
Lisboa, 2023 675 ## $a004.77(043)$vBN$zpor$31229690 700 #1 $aPeixoto,$bAna Rita Henrique$31924639 702 #1 $97$aAlmeida,$bAna de$4727$31788450 702 #1 $aAntónio,$bNuno Miguel da Conceição$4727$31788449 801 #0 $aPT$bBN$gRPC 856 40 $2Cópia digital disponível no Repositório Institucional do Iscte - Instituto Universitário
de Lisboa$uhttp://hdl.handle.net/10071/31841 966 ## $lBN$mFGMON$sP. 68508 V.$x1 971 ## $corlando$d20240813 972 ## $e0$z0$d20241226$vasantos 973 ## $cigoulao$d20241220
|
|
|